<?xml version="1.0" encoding="UTF-8"?><?xml-stylesheet type="text/xsl" href="static/style.xsl"?><OAI-PMH xmlns="http://www.openarchives.org/OAI/2.0/" xmlns:xsi="http://www.w3.org/2001/XMLSchema-instance" xsi:schemaLocation="http://www.openarchives.org/OAI/2.0/ http://www.openarchives.org/OAI/2.0/OAI-PMH.xsd"><responseDate>2026-06-02T21:36:40Z</responseDate><request verb="GetRecord" identifier="oai:riuma.uma.es:10630/39149" metadataPrefix="marc">https://riuma.uma.es/rest/oai/request</request><GetRecord><record><header><identifier>oai:riuma.uma.es:10630/39149</identifier><datestamp>2026-02-03T11:40:04Z</datestamp><setSpec>com_10630_2254</setSpec><setSpec>col_10630_37956</setSpec></header><metadata><record xmlns="http://www.loc.gov/MARC21/slim" xmlns:dcterms="http://purl.org/dc/terms/" xmlns:doc="http://www.lyncode.com/xoai" xmlns:xsi="http://www.w3.org/2001/XMLSchema-instance" xsi:schemaLocation="http://www.loc.gov/MARC21/slim http://www.loc.gov/standards/marcxml/schema/MARC21slim.xsd">
   <leader>00925njm 22002777a 4500</leader>
   <datafield ind2=" " ind1=" " tag="042">
      <subfield code="a">dc</subfield>
   </datafield>
   <datafield ind2=" " ind1=" " tag="720">
      <subfield code="a">Bravo Nieto, Antonio</subfield>
      <subfield code="e">author</subfield>
   </datafield>
   <datafield ind2=" " ind1=" " tag="720">
      <subfield code="a">Ramírez-González, Sergio</subfield>
      <subfield code="e">author</subfield>
   </datafield>
   <datafield ind2=" " ind1=" " tag="720">
      <subfield code="a">Metair, Kouider</subfield>
      <subfield code="e">author</subfield>
   </datafield>
   <datafield ind2=" " ind1=" " tag="260">
      <subfield code="c">2020</subfield>
   </datafield>
   <datafield ind2=" " ind1=" " tag="520">
      <subfield code="a">The ancient castle of Rosalcazar is a military architecture that is part of the Oran’s defensive system, in&#xd;
Algeria. His structure was built in the sixteenth century by Diego de Vera, and it reflects the approaches&#xd;
of the Spanish fortification of the reign of Ferdinand the Catholic. These constructions were increased&#xd;
with later alterations, until their consolidation during the term of the governor and engineer Juan Martín&#xd;
Zermeño. The architectural ensemble represented an interesting evolution of the Spanish fortification&#xd;
since the beginning of the sixteenth century until the middle of the eighteenth century, preserving each&#xd;
extension of the elements of the prior period that they are shown in the heritage ensemble of maximum&#xd;
interest.</subfield>
   </datafield>
   <datafield ind1="8" ind2=" " tag="024">
      <subfield code="a">Bravo Nieto, Antonio, Ramírez González, Sergio y Metair, Kouider: “De Diego de Vera a Juan Martin Zermeño: tres siglos de reformas en la arquitectura del castillo viejo de Rosalcazar en Orán, Argelia”, en NAVARRO PALAZÓN, Julio y GARCÍA PULIDO, Luis José (eds.), Defensive Architecture of the Mediterranean, vol. XII. Granada, Universidad de Granada-Universitat Politècnica de València-Patronato de la Alhambra y Generalife, 2020, pp. 1077-1084 .</subfield>
   </datafield>
   <datafield ind1="8" ind2=" " tag="024">
      <subfield code="a">https://hdl.handle.net/10630/39149</subfield>
   </datafield>
   <datafield ind1="8" ind2=" " tag="024">
      <subfield code="a">10.4995/FORTMED2020.2020.11460</subfield>
   </datafield>
   <datafield tag="653" ind2=" " ind1=" ">
      <subfield code="a">Arquitectura militar - Orán (Argelia)</subfield>
   </datafield>
   <datafield ind2="0" ind1="0" tag="245">
      <subfield code="a">De Diego de Vera a Juan Martin Zermeño: tres siglos de reformas en la arquitectura del castillo viejo de Rosalcazar en Orán, Argelia.</subfield>
   </datafield>
</record>
</metadata></record></GetRecord></OAI-PMH>